| 000 | 00377nam a2200157Ia 4500 | ||
|---|---|---|---|
| 008 | 151213s9999 xx 000 0 und d | ||
| 100 | _aMats Usry | ||
| 245 |
_aCost accounting _bPlanning & control _cMats Usry |
||
| 250 | _a8th | ||
| 260 |
_aDallas _bSouth western |
||
| 300 | _a1042 p. | ||
| 650 | _aAccounting | ||
| 650 | _aAccounting | ||
| 700 | _aMats Usry | ||
| 999 |
_c1012 _d1012 |
||